000 00695nam a2200289Ia 4500
005 20260324121408.0
008 008 260324s9999 xx 000 0 eng d
020 _a9781315653945
037 _aEBOOK
040 _aCRL
040 _beng
040 _cCRL
041 _2eng
041 _aeng
084 _qCRL
100 _aCarl B Sachs
_91162351
245 0 _aIntentionality and the Myths of the Given
245 0 _bBetween Pragmatism and Phenomenology
260 _bTaylor and Francis
260 _c2014
365 _a
365 _b255
856 _uhttp://www.taylorfrancis.com/books/9781315653945
942 _cEBOOK
999 _c1754427
_d1754427